Glosario de třminos relacionados con la pesca

Detalles Bibliográficos
Autor principal: Arredondo ℓlvarez, Adriǹ
Otros Autores: Igarta︢ Caldern̤, Luis Esteban, del ℓngel Lemus, Jos ̌Luis
Formato: eBook
Lenguaje:español
Publicado: Ciudad de Mx̌ico: Cm̀ara de Diputados, 2006
Materias:
Acceso en línea:Acceso restringido

MARC

LEADER 00000nam a22000007a 4500
005 20180320211130.0
007 cr|||| ||||
008 180320s2006 mx |||||s||||f00||0 spa d
020 |a 970-9764-06-3 
035 |a 21101 
040 |a vLex 
090 |c 7515  |d 7515 
100 1 |a Arredondo ℓlvarez, Adriǹ 
245 1 0 |a Glosario de třminos relacionados con la pesca  |h [Recurso electrn̤ico] /  |c Adriǹ Arredondo ℓlvarez, Luis Esteban Igarta︢ Caldern̤, Jos ̌Luis del ℓngel Lemus 
256 |a Servicio en ln̕ea 
260 |a Ciudad de Mx̌ico:  |b Cm̀ara de Diputados,  |c 2006 
300 |a 1 recurso electrn̤ico 
506 1 |a Disponible solo en los productos indicados  |d vLex Global  |d vLex Global (Academic Edition, excluding Law Schools)  |d vLex Global (U.S. Academic Edition, Law Schools)  |d vLex Global (U.S. Academic Edition, excluding Law Schools)  |d vLex Global (Academic Edition, Law Schools) 
650 0 4 |a Derecho Pb︢lico y Administrativo  |z Mx̌ico 
700 1 |a Igarta︢ Caldern̤, Luis Esteban 
700 1 |a del ℓngel Lemus, Jos ̌Luis 
740 0 |a vLex Libros (Servicio en ln̕ea) 
856 4 0 |u http://vlex.com/source/glosario-terminos-relacionados-pesca-21101  |z Acceso restringido 
942 |c BOOK 
999 0 |a Public and Administrative Law